|
|
|
|
| LEADER |
00000nam a2200000 4500 |
| 001 |
vtls012018996 |
| 003 |
SK-MaSNL |
| 005 |
20260302022805.0 |
| 008 |
210321t1722 xxka r 001 0 lat |
| 015 |
|
|
|a SNBHFA1722
|
| 040 |
|
|
|a SNKHF
|b slo
|c SNK
|e rda
|
| 041 |
|
|
|a lat
|
| 044 |
|
|
|a uk
|c GB
|
| 072 |
|
7 |
|a 821.09
|x Literatúra v rôznych jazykoch (o nej)
|2 konspekt
|
| 080 |
|
|
|a 821(37/38)
|2 2001
|
| 100 |
1 |
|
|a Plinius Caecilius Secundus, Gaius,
|d 61-113
|4 aut
|9 53662
|
| 245 |
1 |
0 |
|a C. Plinii Caecilii Secundi Epistolae Et Panegyricus
|
| 246 |
3 |
0 |
|a Epistolae Et Panegyricus
|
| 264 |
|
3 |
|a Londini
|b Ex Officinâ Jacobi Tonson, & Johannis Watts
|c MDCCXXII (1722)
|
| 300 |
|
|
|a 22 nečíslovaných strán, 360 strán, 12 nečíslovaných strán
|c 16 cm
|
| 336 |
|
|
|a text
|b txt
|2 rdacontent
|
| 337 |
|
|
|a bez média
|b n
|2 rdamedia
|
| 338 |
|
|
|a zväzok
|b nc
|2 rdacarier
|
| 500 |
|
|
|a Ilustrovaný predtitulný a titulný list, kustody, koncová vineta, iniciály s ornamentálnym pozadím na 4 riadky, ozdobné linky, ilustrácie
|
| 504 |
|
|
|a Register
|
| 562 |
|
|
|a Rukopisné poznámky na predsádke a rube knižných dosiek.
|5 SNK ID 102031
|
| 563 |
|
|
|a Väzba pôvodná kožená.
|5 SNK ID 102031
|
| 650 |
0 |
7 |
|a antická literatúra
|2 SNKPH
|9 92203
|
| 700 |
1 |
|
|a Watts, John
|4 prt
|9 626027
|
| 700 |
1 |
|
|a Tonson, Jacob,
|4 1656-1736
|4 pbl
|9 626026
|
| 710 |
0 |
|
|a Watts, John (Londýn, Veľká Británia)
|4 prt
|9 668733
|
| 752 |
|
|
|a Veľká Británia
|d Londýn
|
| 852 |
|
|
|a snk
|b Aponiovská knižnica
|p ID 102031
|
| 958 |
|
|
|a DD
|
| 958 |
|
|
|a ONDV
|
| 999 |
|
|
|c 1034113
|d 1036043
|
| 952 |
|
|
|t Op. II/43
|a SNK
|b SNK
|c SNK_HF
|y PREZ
|7 0
|p 17A1395535
|o snkID 102031
|i snk2021/1930
|8 5
|0 0
|1 0
|4 0
|d 2021-03-21
|l 0
|r 2026-02-24 14:04:07
|w 2026-02-24
|